One Piece - point commun - Statistiques

Statistiques générales
  • Ce quiz a été pris 144 fois
  • Le résultat moyen est 6 sur 12
Statistiques - réponses
Par images Réponse % Correct
Bretteur
89%
Logia
86%
Empereur
74%
Grand corsaire
74%
Gouvernement mondial
64%
Famille Charlotte
59%
Fluide Royal
51%
Supernovæ
43%
Cheveux noirs
27%
Fruit du démon éveillé
23%
Second d'empereur
23%
Zoan Antique
23%
Aucun quiz correspondant
Distribution des résultats
% des personnes avec chaque résultat
Percentile par nombre de réponses
Votre historique - résultats
Vous n’avez pas pris ce quiz